| 000 | 01156cab a22002414i 4500 | ||
|---|---|---|---|
| 001 | 768714001 | ||
| 003 | CO-MdFUSB | ||
| 005 | 20230112113748.0 | ||
| 008 | 161109s2000 gt ||||| |||| 00| 0 spa d | ||
| 022 | _a1014-9341 | ||
| 040 |
_aCO-MdFUSB _bspa _cCO-MdFUSB _dCO-MdFUSB |
||
| 041 | _aspa | ||
| 100 | 1 |
_aLloret, Julián _eautor |
|
| 245 | 0 | 3 |
_aLa educación contemporánea de adultos en la formación del liderazgo laico pastoral _c/ Dr. Julián Lloret |
| 300 |
_aNúmero 26 (Enero - Junio, 2000), páginas 59-76 _c; 22 cm |
||
| 520 | _aA fin de capacitar al liderazgo laico para satisfacer las ingentes necesidades pastorales de la iglesia hoy, debemos aplicar los principios sobre la educación de adultos (la andragogía), los cuales se han expuesto en las obras de autores como Malcolm knowles, Kurt Lewin y Paulo Freire y que han sido desarrolladas ampliamente en tres libros recientes de Jane Vella. | ||
| 546 | _aTexto en Español | ||
| 650 | 0 |
_9984 _aEducación |
|
| 653 | _aLiderazgo – Formación | ||
| 653 | _aEducación | ||
| 773 | 0 |
_tKairós _049489 _961197 _gNúmero 26 (Enero - Junio, 2000), páginas 59-76 _qPágina 59 |
|
| 942 | _cANA | ||
| 999 |
_c51235 _d51235 |
||